Ochrana a tvorba životného prostredia pri výrobe stavebných látok

Saved in:
Bibliographic Details
Main Author: Krajči, Ján
Format: Book
Language:Slovak
Published: Bratislava Ministerstvo výstavby a verejných prác SR - SIC SR 1996
Edition:1. vyd.
Subjects:
Tags: Add Tag
No Tags, Be the first to tag this record!

MARC

LEADER 00000nam a2200000 4500
001 c019258
005 20230228094438.7
020 |a 80-88836-01-8 
041 0 |a slo 
044 |a SK 
245 1 0 |a Ochrana a tvorba životného prostredia pri výrobe stavebných látok  |c Ján Krajči 
250 |a 1. vyd. 
264 1 |a Bratislava  |b Ministerstvo výstavby a verejných prác SR - SIC SR  |c 1996 
300 |a 106 s. 
610 2 0 |a stavebníctvo 
610 2 0 |a stavby 
610 2 0 |a prostredie životné 
610 2 0 |a ochrana prostredia životného 
610 2 0 |a výroba stavebná 
100 1 |a Krajči, Ján